Normal view
MARC view
- التطوير الاداري - مؤتمرات
Entry Topical Term
001 - CONTROL NUMBER
- control field: 51972
003 - CONTROL NUMBER IDENTIFIER
- control field: JO-AjAnu
005 - DATE AND TIME OF LATEST TRANSACTION
- control field: 20230606082539.0
008 - FIXED-LENGTH DATA ELEMENTS
- fixed length control field: 230606|| aca||aabn | a|a d
040 ## - CATALOGING SOURCE
- Original cataloging agency: JO-AjAnu
- Transcribing agency: JO-AjAnu
150 ## - HEADING--TOPICAL TERM
- Topical term or geographic name entry element: التطوير الاداري - مؤتمرات
670 ## - SOURCE DATA FOUND
- Source citation: Work cat.: (JO-AjAnu)26562: المنظمة العربية للتنمية الإدارية، القاهرة, author 51971, إعادة هندسة الإجراءات ودورها في التطوير الإداري : ملتقى الإصلاح المالي والإداري : تبسيط الإجراءات في المعاملات المالية والإدارية (2009 : إسطنبول، تركيا)